书目信息 |
| 题名: |
地理学思想史
|
|
| 作者: | 克拉瓦尔 著 ;郑胜华 译 | |
| 分册: | ||
| 出版信息: | 北京 北京大学出版社 2007 |
|
| 页数: | 17,10,369页 | |
| 开本: | 24cm | |
| 丛书名: | 科学思想史丛书 | |
| 单 册: | ||
| 中图分类: | K90-09 | |
| 科图分类: | ||
| 主题词: | 地理学史 , 地理学史--思想史--世界 , 地理 | |
| 电子资源: | ||
| ISBN: | 978-7-301-12746-9 | |
| 000 | 01163oam2 2200325 450 | |
| 001 | 1251581647 | |
| 005 | 20121012142113.75 | |
| 010 | @a978-7-301-12746-9@dCNY39.00 | |
| 100 | @a20070318d2007 em y0chiy50 ea | |
| 101 | 1 | @achi@cfre |
| 102 | @aCN@b110000 | |
| 105 | @abc z 001yy | |
| 106 | @ar | |
| 200 | 1 | @a地理学思想史@f(法)保罗·克拉瓦尔(Paul Claval)著@g郑胜华[等]译@Adi li xue si xiang shi |
| 210 | @a北京@c北京大学出版社@d2007 | |
| 215 | @a17,10,369页@c地图,肖像@d24cm | |
| 225 | 2 | @a科学思想史丛书 |
| 305 | @a据原书第3版译出 郑胜华授权出版 | |
| 312 | @a封面英文题名:A history of geographical thoughts | |
| 330 | @a本书对上自古希腊下至21世纪初的地理学思想作了全新的划分。全书加注近200条,插绘地图及人物肖像约90幅,编辑中外文和外中文对照索引2400余条。 | |
| 461 | 0 | @1001003675302 |
| 510 | 1 | @aHistory of geographical thoughts@zeng |
| 606 | 0 | @a地理学史 |
| 606 | 0 | @a地理学史@x思想史@y世界 |
| 606 | 0 | @a地理 |
| 690 | @aK90-09@v4 | |
| 701 | 0 | @c(法)@a克拉瓦尔@c(Claval, Paul@f1932~)@4著@Ake la wa er |
| 702 | 0 | @a郑胜华@4译@Azheng sheng hua |
| 801 | 0 | @aCN@b110017@c20071026 |
| 905 | @a10447@dK90-09@eJY7 | |
| 地理学思想史/(法)保罗·克拉瓦尔(Paul Claval)著/郑胜华[等]译.-北京:北京大学出版社,2007 |
| 17,10,369页:地图,肖像;24cm .-(科学思想史丛书 ) |
| ISBN 978-7-301-12746-9:CNY39.00 |
| 本书对上自古希腊下至21世纪初的地理学思想作了全新的划分。全书加注近200条,插绘地图及人物肖像约90幅,编辑中外文和外中文对照索引2400余条。 |
| ● |
| 相关链接 |
|
|
|
|
正题名:地理学思想史
索取号:K90-09/JY7
 
预约/预借
| 序号 | 登录号 | 条形码 | 馆藏地/架位号 | 状态 | 备注 |
| 1 | 7825654 | 278256548 | 学院路分馆/ [索取号:K90-09/JY7] | 在馆 | |
| 2 | 7825655 | 278256557 | 学院路分馆/ [索取号:K90-09/JY7] | 在馆 |